Welcome to the Holygrace Academy Library

Please use search bar below to get started

NOT A PENNY MORE, NOT A PENNY LESS (Record no. 2736)

MARC details
000 -LEADER
fixed length control field 00606nam a22001457a 4500
020 ## - INTERNATIONAL STANDARD BOOK NUMBER
ISBN 0-312-99713-2
082 ## - DEWEY DECIMAL CLASSIFICATION NUMBER
Classification number 823
Item number ARC/N
100 ## - MAIN ENTRY--AUTHOR NAME
Personal name ARCHER, JEFFREY
245 ## - TITLE STATEMENT
Title NOT A PENNY MORE, NOT A PENNY LESS
260 ## - PUBLICATION, DISTRIBUTION, ETC. (IMPRINT)
Place of publication UNITED STATES
Name of publisher ST.MARTINS PAPERBACKS
Year of publication 2004
300 ## - PHYSICAL DESCRIPTION
Number of Pages 305
520 ## - SUMMARY, ETC.
Summary, etc Harvey Metcalfe, a Polish immigrant to the United States, rises from messenger boy to corporate magnate, combining business skills with little loyalty and much ruthlessness. Over 40 years, he has mastered the shady deal, and by the 1960s is a multi-millionaire.
650 ## - SUBJECT ADDED ENTRY--TOPICAL TERM
Topical Term NOVEL
Geographic subdivision UNITED STATES
942 ## - ADDED ENTRY ELEMENTS (KOHA)
Koha item type Books
Holdings
Withdrawn status Lost status Collection code Home library Current library Shelving location Date acquired Source of acquisition Cost, normal purchase price Full call number Accession Number Koha item type
    Fiction Main Library Main Library SHELF-2-D ENGLIAH NOVELS FOR TEACHERS 15/06/2003 purchase 234.00 823 ARC/N 04847 Books